| 000 | 01909cam a22002054a 4500 | ||
|---|---|---|---|
| 005 | 20250605164209.0 | ||
| 008 | 250528s ||||||||||||||||||||||||d | ||
| 035 | _a20193 | ||
| 020 | _a9602181133 | ||
| 040 |
_aGR-AtMCL _bgre _dGR-AtMCL _eAACR2 |
||
| 245 | 1 | _aΔιεθνής Οικονομική / Θεωρία και Πολιτική: Πρώτος Τόμος | |
| 260 |
_bΚριτική, _c1995 |
||
| 300 | _a560 | ||
| 520 | _aΠρόλογος, Εισαγωγή, Τι Πραγματεύεται η Διεθνής Οικονομική;, Θεωρία Διεθνούς Εμπορίου, Παραγωγικότητα της Εργασίας και Συγκριτικό Πλεονέκτημα: Το Ρικαρδιανό Υπόδειγμα, Ειδικοί Συντελεστές Παραγωγής και Διανομή του Εισοδήματος, Πόροι και Διεθνές Εμπόριο: Το Υπόδειγμα Heckscher-Ohlin, Το Πρότυπο του Διεθνούς Εμπορίου, Οικονομίες Κλίμακος και Ατελής Ανταγωνισμός και Διεθνές Εμπόριο, Διεθνής Κίνηση Συντελεστών Παραγωγής, Πολιτική Διεθνούς Εμπορίου, Τα Μέσα της Εμπορικής Πολιτικής, Η Οικονομική της Εμπορικής Πολιτικής, Εμπορική Πολιτική στις Αναπτυσσόμενες Χώρες, Βιομηχανική Πολιτική στις Προηγμένες Χώρες, Μακροοικονομική των Συναλλαγματικών Ισοτιμιών και της Ανοικτής Οικονομίας, Συναλλαγματικές Ισοτιμίες και Αγορά Συναλλάγματος. | ||
| 700 | 1 |
_aKrugman Paul _92735 |
|
| 700 | 1 |
_aObstfeld Maurice _92736 |
|
| 942 | _cBK | ||
| 999 |
_c5328 _d5328 |
||